000 00450cam a2200181ua 4500
020 _c2.00
041 _ahin
_h
082 _a891.54
_bSUD/MU
100 _aSudhakar, Pandey.
245 _aMudra aur bank ke sidhant /
_cSudhakar Pandey.
_hTextual Documents
250 _a1 /
_b.
260 _aVaranasi :
_bHindi Pracharak Pusthakalayam ,
_c1956.
300 _a254 ; .
365 _a2.00
504 _a
942 _cBK
999 _c8200
_d8200